000 00415nam a2200169Ia 4500
001 15439
003 30456
005 20250227062716.0
008 ||||||n9999 ||| || ||
041 _aspa
245 0 _aDeuda publica del distrito capital estadisticas 1980-1992
260 _aBogotá :
_bLa Contraloria,
_c1993.
300 _a746p
562 _e1
650 0 _aDeuda pública
_97090
942 _cDO-GO
999 _c15439
_d15439